Statistics for Country Abbreviations

Click here to take the quiz!

General Stats

  • This quiz has been taken 20 times
  • The average score is 12 of 15

Answer Stats

HintAnswer% Correct
AustraliaAUS
91%
BrazilBRA
91%
CanadaCAN
91%
Democratic Republic of the CongoDRC
91%
EgyptEGY
91%
FranceFRA
91%
IndiaIND
91%
RussiaRUS
91%
United States of AmericaUSA
91%
SpainESP
82%
Saudi ArabiaSAU
82%
ChinaCHN
73%
IndonesiaIDN
73%
Japan
JPN
64%
United KingdomGBR
27%

Score Distribution

Percentile by Number Answered

Percent of People with Each Score

Your Score History

You have not taken this quiz